Learning LanguageThough Technology (Record no. 5212)

MARC details
005 - DATE AND TIME OF LATEST TRANSACTION
control field 20250626072511.0
020 ## - INTERNATIONAL STANDARD BOOK NUMBER
International Standard Book Number 978-193118536-3
082 ## - DEWEY DECIMAL CLASSIFICATION NUMBER
Classification number 658.45 HAN
245 ## - TITLE STATEMENT
Title Learning LanguageThough Technology
260 ## - PUBLICATION, DISTRIBUTION, ETC.
Place of publication, distribution, etc. USA
Name of publisher, distributor, etc. Teacher of English to speakers of Other Language Inc
Date of publication, distribution, etc. 2006
300 ## - PHYSICAL DESCRIPTION
Extent iv,332p.;ills Chats,picture,Tables
Other physical details Index
Dimensions 28cm.
700 ## - ADDED ENTRY--PERSONAL NAME
Other authors/Editors Elizabeth Hanson-Smith and Sarah Rilling
942 ## - ADDED ENTRY ELEMENTS (KOHA)
Source of classification or shelving scheme Dewey Decimal Classification
Koha item type Books
Holdings
Date last seen Total checkouts Full call number Barcode Cost, replacement price Price effective from Koha item type Lost status Source of classification or shelving scheme Damaged status Not for loan Withdrawn status Home library Current library Shelving location Date acquired Source of acquisition Cost, normal purchase price
06/26/2025   657.48 HAN MZA0002198 90000.00 06/26/2011 Books   Dewey Decimal Classification       CBE Mwanza CBE Mwanza General Collection 06/26/2011 Library Budget 30000.00
06/26/2025   657.48 HAN MZA0002199 90000.00 06/26/2011 Books   Dewey Decimal Classification       CBE Mwanza CBE Mwanza General Collection 06/26/2011 Library Budget 30000.00
06/26/2025   657.48 HAN MZA0002200 90000.00 06/26/2011 Books   Dewey Decimal Classification       CBE Mwanza CBE Mwanza General Collection 06/26/2011 Library Budget 30000.00
06/26/2025   657.48 HAN MZA0002201 90000.00 06/26/2011 Books   Dewey Decimal Classification       CBE Mwanza CBE Mwanza General Collection 06/26/2011 Library Budget 30000.00
06/26/2025   657.48 HAN MZA0002202 90000.00 06/26/2011 Books   Dewey Decimal Classification       CBE Mwanza CBE Mwanza General Collection 06/26/2011 Library Budget 30000.00